Svatantrya sangramada smritigalu (Record no. 105070)
[ view plain ]
| 000 -LEADER | |
|---|---|
| fixed length control field | 00744nam a2200229Ia 4500 |
| 003 - CONTROL NUMBER IDENTIFIER | |
| control field | OSt |
| 005 - DATE AND TIME OF LATEST TRANSACTION | |
| control field | 20250818094248.0 |
| 008 - FIXED-LENGTH DATA ELEMENTS--GENERAL INFORMATION | |
| fixed length control field | 210210b1998 xxu||||| |||| 00| 0 eng d |
| 040 ## - CATALOGING SOURCE | |
| Transcribing agency | AL |
| 041 ## - LANGUAGE CODE | |
| Language code of text/sound track or separate title | kan |
| 082 ## - DEWEY DECIMAL CLASSIFICATION NUMBER | |
| Classification number | 954.87K SURS |
| 100 ## - MAIN ENTRY--PERSONAL NAME | |
| Personal name | Suryanatha Kamath Ed |
| 9 (RLIN) | 236100 |
| 110 ## - MAIN ENTRY--CORPORATE NAME | |
| Corporate name or jurisdiction name as entry element | ಸೂರ್ಯನಾಥ ಕಾಮತ್ Ed |
| 9 (RLIN) | 236104 |
| 245 ## - TITLE STATEMENT | |
| Title | Svatantrya sangramada smritigalu |
| Remainder of title | : ಸ್ವಾತಂತ್ರ್ಯ ಸಂಗ್ರಾಮದ ಸ್ಮ್ರತಿಗಳು Vol 2 |
| 260 ## - PUBLICATION, DISTRIBUTION, ETC. | |
| Place of publication, distribution, etc. | Bengaluru |
| Name of publisher, distributor, etc. | Kannada Mattu Samskrathi Nirdeshanalaya |
| Date of publication, distribution, etc. | 1998 |
| 300 ## - PHYSICAL DESCRIPTION | |
| Extent | 963p. |
| 440 ## - SERIES STATEMENT/ADDED ENTRY--TITLE | |
| Title | Vol 2 |
| 9 (RLIN) | 236101 |
| 650 ## - SUBJECT ADDED ENTRY--TOPICAL TERM | |
| Topical term or geographic name entry element | Independence struggle |
| 9 (RLIN) | 236102 |
| 690 ## - LOCAL SUBJECT ADDED ENTRY--TOPICAL TERM (OCLC, RLIN) | |
| Topical term or geographic name as entry element | Karnataka History |
| 9 (RLIN) | 236103 |
| 906 ## - LOCAL DATA ELEMENT F, LDF (RLIN) | |
| a | 057708 |
| 942 ## - ADDED ENTRY ELEMENTS (KOHA) | |
| Source of classification or shelving scheme | Dewey Decimal Classification |
| Koha item type | Book |
| Withdrawn status | Lost status | Source of classification or shelving scheme | Damaged status | Not for loan | Collection code | Home library | Current library | Shelving location | Date acquired | Source of acquisition | Cost, normal purchase price | Total Checkouts | Full call number | Barcode | Date last seen | Price effective from | Koha item type |
|---|---|---|---|---|---|---|---|---|---|---|---|---|---|---|---|---|---|
| Dewey Decimal Classification | Reference Book | History | St Aloysius Library | St Aloysius Library | Reference Section | 02/17/2021 | Sahayaka Nirdeshakara Kacheri, Mangaluru. | 250.00 | 954.87K SURS | 057708 | 02/17/2021 | 02/17/2021 | Reference |